| 000 | 011810000a22002650004500 | ||
|---|---|---|---|
| 003 | LK-CoMWRAF | ||
| 008 | 230817t ||||| |||| 00| 0 eng d | ||
| 020 | _a9555800952 | ||
| 040 |
_aLK-CoMWRAF _dLK-CoMWRAF _eLK-CoMWRAF |
||
| 041 | _aeng | ||
| 082 |
_a770 _bSAR |
||
| 245 |
_aEconomic Reforms in Sri Lanka _bPost - 1977 Period |
||
| 260 |
_bInternational Centre for Ethnic Studies _aSri Lanka (Colombo 08) _c2005 |
||
| 300 | _ap.392 | ||
| 650 | _aEvolution of Anti - Poverty Programmes by Hasitha Wickremasinghe | ||
| 650 | _aFinancial Sector Reforms by Shanaka Jayanath Peiris | ||
| 650 | _aLabour Market Reforms by Shyamali Ranaraja | ||
| 650 | _aMicroeconomic by Muttukrishna Sarvananthan | ||
| 650 | _aMigration of Women as Domestic Workers: Impact on Gender Relations and Ideology by Shreen Saroor | ||
| 650 | _aReforms Agenda and Challenges for Poverty Alleviation Programmes by Kalinga Tudor Silva & Myriam Fernando | ||
| 650 | _aStepping into a new Economic era: Gender blind again? by Ramani Jayasundere | ||
| 650 | _aThe Essence and Direction of Public administration Reforms by Lloyd Fernando | ||
| 700 |
_aSarvananthan,, Muttukrishna _eed. |
||
| 942 | _cBK | ||
| 999 |
_c2059 _d2059 |
||